| 000 | 00319nam a22001097a 4500 | ||
|---|---|---|---|
| 008 | 230626b xxu||||| |||| 00| 0 eng d | ||
| 082 |
_a337.1196762 _bEAC |
||
| 245 | _aPerspectives on Regional Integration and Co-operation in East Africa | ||
| 260 |
_aArusha _bEAC Secretariat _c2000 |
||
| 300 | _aIII,212p | ||
| 942 |
_2ddc _cBK |
||
| 999 |
_c2770 _d2770 |
||